000 00247nam a2200121Ia 4500
082 _a611
_bH11R
100 _aRAJE, V.N.
245 _aHUMAN ANATOMY & PHYSIOLOGY
260 _bCBS- DELHI
300 _a166
650 _aANATOMY
942 _2ddc
_cBK
_01
999 _c7221
_d7221